[Event "Kastav"]
[Site "Kastav"]
[Date "1999.05.02"]
[Round "11"]
[White "Petrov, Jole"]
[Black "Tratar, Marko"]
[Result "1-0"]
[WhiteElo "2421"]
[BlackElo "2450"]

1.d4 Nf6 2.c4 g6 3.Nf3 Bg7 4.g3 O-O 5.Bg2 d6 6.O-O Nbd7 7.Nc3 e5 8.e4 a6
9.h3 b5 10.dxe5 dxe5 11.Qe2 c6 12.Rd1 Qe7 13.a3 Nc5 14.b4 Nb3 15.Rb1 Nxc1
16.Rbxc1 Ne8 17.c5 Bh6 18.Ra1 a5 19.Qb2 a4 20.Rd3 f6 21.Rad1 Be6 22.Nh2 Ra7
23.Ng4 Bg7 24.Ne3 Bb3 25.R1d2 Bh6 26.Bf3 Ng7 27.Rd6 Qe8 28.Bg4 Ne6 29.Ncd5 Nd4
30.Nxf6+ Rxf6 31.Rxf6  1-0

[Event "Dubai op"]
[Site "Dubai"]
[Date "1999.05.06"]
[Round "6"]
[White "Rausis, Igors"]
[Black "Gadjilu, Rauf"]
[Result "1-0"]
[WhiteElo "2508"]
[BlackElo "2432"]

1.Nf3 Nf6 2.c4 g6 3.g3 Bg7 4.Bg2 d6 5.d4 O-O 6.O-O Nbd7 7.Nc3 e5 8.b3 Re8
9.e3 c6 10.Bb2 e4 11.Nd2 d5 12.f3 exf3 13.Qxf3 dxc4 14.Nxc4 Nb6 15.Ne5 Be6
16.Rad1 Qe7 17.e4 Rad8 18.h3 h5 19.Ne2 Nbd7 20.Nd3 Nf8 21.Nef4 Bc8 22.e5 N6h7
23.d5 Ng5 24.Qe3 cxd5 25.Nxd5 Rxd5 26.Bxd5 Bxh3 27.Bg2 Bg4 28.Rde1 Nfe6 29.Qxa7 Rd8
30.Qe3 Bh6 31.Nf4 h4 32.Bc1 h3 33.Bh1 h2+ 34.Kxh2 Nh3 35.Nxg6 Qc7 36.Ne7+ Qxe7
37.Qxh6 Rc8 38.Be4 Neg5 39.Bxg5 Nxg5 40.Rf4  1-0

[Event "Capablanca mem Elite"]
[Site "Havana"]
[Date "1999.05.09"]
[Round "3"]
[White "Baburin, Alexander"]
[Black "Arencibia, Walter"]
[Result "1-0"]
[WhiteElo "2586"]
[BlackElo "2520"]

1.d4 Nf6 2.c4 g6 3.Nf3 Bg7 4.g3 O-O 5.Bg2 d6 6.O-O c6 7.Nc3 Bf5 8.b3 Ne4
9.Bb2 Nxc3 10.Bxc3 Be4 11.e3 d5 12.Bh3 Bxf3 13.Qxf3 e6 14.Rfd1 Nd7 15.e4 Nf6
16.e5 Ne4 17.Bb4 Ng5 18.Qg2 Nxh3+ 19.Qxh3 Re8 20.Bd6 a5 21.a4 Qb6 22.Rab1 Bf8
23.c5 Qb4 24.Qf1 b6 25.Qe1 bxc5 26.dxc5 Qxe1+ 27.Rxe1 f6 28.f4 fxe5 29.fxe5 Bh6
30.Re2 Ra7 31.Kf2 Rb7 32.b4 axb4 33.Reb2 Ra7 34.Rxb4 Bd2 35.Rb8 Rxb8 36.Rxb8+ Kg7
37.Ke2 Bc1 38.Kd1 Be3 39.Ke2 Bg1 40.Rb6 Rxa4 41.Rxc6 g5 42.Rc8 Rc4 43.c6 Bb6
44.c7 Kh6 45.h3 g4 46.hxg4  1-0

[Event "Katrineholm"]
[Site "Katrineholm"]
[Date "1999.05.13"]
[Round "3"]
[White "Gavrikov, Viktor"]
[Black "Cramling, Pia"]
[Result "1/2-1/2"]
[WhiteElo "2532"]
[BlackElo "2515"]

1.d4 Nf6 2.Nf3 g6 3.g3 Bg7 4.Bg2 O-O 5.c4 d6 6.O-O c6 7.Nc3 Qa5 8.e4 e5 9.h3 Nbd7
10.Re1 exd4 11.Nxd4 Ne5 12.Bf1 Re8 13.Rb1 Be6 14.b4 Qc7 15.f4 Ned7 16.Be3 a5
17.a3 axb4 18.axb4 h5 19.Bf2 Nf8 20.Qf3 Bd7 21.c5 dxc5 22.bxc5 Ne6 23.e5 Nxd4
24.Bxd4 Nd5 25.Nxd5 cxd5 26.Qxd5 Bc6 27.Qc4 h4 28.gxh4 Qd7 29.Bg2 Ra3 30.Be3 Bh6
31.Bxc6 bxc6 32.Kg2 Rea8 33.Rb4 Ra2+ 34.Re2 Rxe2+ 35.Qxe2 Qd5+ 36.Qf3 Ra2+
37.Kg3 Qd3 38.Rd4 Qc3 39.Bf2 Qb2 40.Rd8+ Kh7 41.Rd3 Kg8 42.Re3 Ra4 43.Re2 Qb1
44.Qxc6 Ra3+ 45.Kg2 Qf5 46.Re3 Rxe3 47.Bxe3 Bxf4 48.Bd4 Qc2+ 49.Bf2 Be3 50.Qa8+ Kg7
51.Qf3 Bxc5 52.Qf6+ Kg8 53.e6 Qe4+ 54.Qf3 Qxf3+ 55.Kxf3 Be7 56.exf7+  1/2-1/2

[Event "NOR-chT"]
[Site "Langesund"]
[Date "1999.05.14"]
[Round "5"]
[White "Paulsen, JE."]
[Black "Trygstad, Kristian"]
[Result "0-1"]
[WhiteElo "2231"]
[BlackElo "2254"]

1.d4 Nf6 2.c4 g6 3.Nf3 Bg7 4.g3 O-O 5.Bg2 d6 6.O-O Nbd7 7.Qc2 e5 8.Rd1 Qe7
9.b3 exd4 10.Nxd4 a6 11.Nc3 c6 12.Bb2 Re8 13.e4 Rb8 14.Rd2 h5 15.Re1 h4 16.Qd1 hxg3
17.hxg3 Ne5 18.Nc2 b5 19.cxb5 axb5 20.Ne3 Nfg4 21.Nf1 Qa7 22.Qb1 Bh6 23.Rde2 b4
24.Nd1 Ba6 25.Rd2 Bxf1  0-1

[Event "VCN SchaakFestival"]
[Site "Soest"]
[Date "1999.05.14"]
[Round "2"]
[White "Hartmans, Eddy"]
[Black "Otto, Bram"]
[Result "1-0"]
[WhiteElo "2199"]
[BlackElo "1978"]

1.d4 Nf6 2.c4 g6 3.Nf3 Bg7 4.g3 O-O 5.Bg2 d6 6.O-O c5 7.Nc3 Nc6 8.d5 Na5
9.Nd2 a6 10.Qc2 Rb8 11.b3 b5 12.Bb2 bxc4 13.bxc4 Bh6 14.f4 e5 15.Nd1 Nh5
16.e3 Bf5 17.Be4 Bxe4 18.Qxe4 f5 19.Qd3 e4 20.Qa3 Bg7 21.Rb1 Qc7 22.Bxg7 Rxb1
23.Bxf8  1-0

[Event "VCN SchaakFestival"]
[Site "Soest"]
[Date "1999.05.15"]
[Round "4"]
[White "Reed, James"]
[Black "De Veen, Ron"]
[Result "0-1"]
[WhiteElo "1875"]
[BlackElo "1889"]

1.d4 Nf6 2.Nf3 g6 3.c4 Bg7 4.g3 O-O 5.Bg2 d6 6.O-O c6 7.Nc3 Qc7 8.e4 e5 9.h3 Re8
10.d5 Nbd7 11.Be3 Nf8 12.b4 Nh5 13.Nd2 Nf4 14.gxf4 exf4 15.Bxf4 Bxc3 16.Rc1 Be5
17.Bxe5 Rxe5 18.f4 Re8 19.c5 cxd5 20.exd5 Bf5 21.Nb3 Qe7 22.c6 bxc6 23.dxc6 Be4
24.b5 d5 25.Bxe4 dxe4 26.Qe1 Qe6 27.Qe3 Rad8 28.f5 Qe5 29.Nc5 gxf5 30.Qg5+ Ng6
31.Rxf5 Qd4+ 32.Kh1 e3 33.Nd7 Rxd7 34.cxd7 Qxd7 35.Qf6 e2 36.Re1 Re6 37.Qb2 Qd3
38.Rf2 Qxh3+ 39.Kg1 Qg3+  0-1

[Event "Zalakaros Kupa 18th"]
[Site "Zalakaros"]
[Date "1999.05.17"]
[Round "6"]
[White "Vaulin, Alexander"]
[Black "Molnar, Bela"]
[Result "1-0"]
[WhiteElo "2547"]
[BlackElo "2367"]

1.Nf3 g6 2.c4 Bg7 3.d4 Nf6 4.g3 O-O 5.Bg2 d6 6.O-O Nc6 7.Nc3 Bg4 8.d5 Na5
9.b3 c5 10.Bb2 Qd7 11.Qd2 a6 12.e4 Bxf3 13.Bxf3 e5 14.dxe6 fxe6 15.Na4 Nxc4
16.bxc4 Qxa4 17.Qxd6 Ne8 18.Qxe6+ Kh8 19.Bd1 Qb4 20.Bxg7+ Nxg7 21.Qg4 Qb2
22.Ba4 Rxf2 23.Rxf2 Qxa1+ 24.Kg2 Qd4 25.Qf3 h6 26.e5 Nf5 27.Re2 Rf8 28.Qe4 Qa1
29.Rf2 Qc1 30.Kh3 Qg1 31.Qf3 g5 32.Bc2 g4+ 33.Kxg4 Ne3+ 34.Qxe3 h5+ 35.Kxh5 Rxf2
36.Qh6+ Kg8 37.Qg6+ Kf8 38.Qd6+ Kg8 39.Qg6+ Kf8 40.Qd6+ Kg8 41.Kg6 Rf7 42.Qd8+  1-0

[Event "CRO-Cup"]
[Site "Pula"]
[Date "1999.05.28"]
[Round "5"]
[White "Petrov, Jole"]
[Black "Stevic, Hrvoje"]
[Result "1/2-1/2"]
[WhiteElo "2421"]
[BlackElo "2465"]

1.d4 Nf6 2.c4 g6 3.Nf3 Bg7 4.g3 O-O 5.Bg2 d6 6.O-O Nbd7 7.Nc3 e5 8.e4 a6
9.dxe5 dxe5 10.Qc2 c6 11.Rd1 Qe7 12.a3 b5 13.h3 Bb7 14.Be3 Rac8 15.Rac1 Rfd8
16.Qe2 Nc5 17.Rxd8+ Rxd8 18.cxb5 axb5 19.Qc2 Na6 20.b4 Ne8 21.Nd2 Nd6 22.Bf1 Qe6
23.Qb3 Qe8 24.Qc2 Qe6 25.Qb3 Qe8 26.Qc2 Qe6 27.Qb3  1/2-1/2

[Event "Salongernas IM"]
[Site "Stockholm"]
[Date "1999.06.06"]
[Round "2"]
[White "Engqvist, Thomas"]
[Black "Lyrberg, Patrik"]
[Result "1/2-1/2"]
[WhiteElo "2351"]
[BlackElo "2409"]

1.d4 Nf6 2.Nf3 g6 3.c4 Bg7 4.g3 O-O 5.Bg2 d6 6.O-O Nc6 7.Nc3 a6 8.h3 Rb8
9.Be3 b5 10.Nd2 Bb7 11.Rc1 Na5 12.cxb5 Bxg2 13.Kxg2 axb5 14.b4 Nc4 15.Nxc4 bxc4
16.b5 Qd7 17.a4 c6 18.Bg5 Ne8 19.d5  1/2-1/2

[Event "Salongernas IM"]
[Site "Stockholm"]
[Date "1999.06.09"]
[Round "5"]
[White "Engqvist, Thomas"]
[Black "Kallio, Heikki"]
[Result "1-0"]
[WhiteElo "2351"]
[BlackElo "2352"]

1.c4 Nf6 2.Nf3 g6 3.d4 Bg7 4.g3 O-O 5.Bg2 d6 6.O-O Nc6 7.Nc3 a6 8.h3 Rb8
9.Be3 Nd7 10.Rc1 e5 11.Qd2 Re8 12.dxe5 Ndxe5 13.Nd5 Nxf3+ 14.exf3 Bf5 15.f4 h5
16.Kh2 a5 17.b3 Be4 18.Rfe1 Bxg2 19.Kxg2 b6 20.Re2 Qd7 21.Rce1 a4 22.Qd3 axb3
23.axb3 h4 24.Bd2 hxg3 25.fxg3 Rxe2+ 26.Rxe2 Nd4 27.Re7 Qc6 28.Bc3 Nf5 29.Rxc7 Qa8
30.g4 Qa2+ 31.Qd2 Qxd2+ 32.Bxd2 Nd4 33.b4 b5 34.cxb5 Rxb5 35.Rc8+ Kh7 36.Nc7 Rb7
37.Bc3 Ne6 38.Bxg7 Rxc7 39.Rxc7 Nxc7 40.Bc3 Nb5 41.Bf6 Nc7 42.Be7 Nb5 43.g5 Kg8
44.Kf3 f5 45.gxf6 Kf7 46.Ke4 Ke6 47.Bd8 d5+ 48.Kf3 Kf7 49.Kg4 Nc3 50.Be7 Na4
51.f5 g5 52.Kxg5 d4 53.Kf4 Nb6 54.Ke4 Nd5 55.Kxd4  1-0

[Event "Salongernas IM"]
[Site "Stockholm"]
[Date "1999.06.13"]
[Round "9"]
[White "Engqvist, Thomas"]
[Black "Klimov, Sergey"]
[Result "1/2-1/2"]
[WhiteElo "2351"]
[BlackElo "2432"]

1.d4 Nf6 2.Nf3 g6 3.c4 Bg7 4.g3 O-O 5.Bg2 d6 6.O-O Nbd7 7.Qc2 e5 8.Rd1 Re8
9.h3 c6 10.dxe5 dxe5 11.e4 Qe7 12.Be3 Nc5 13.Nc3 Nh5 14.b4 Ne6 15.c5 Rf8
16.Rd6  1/2-1/2

[Event "Voronezh op 3rd"]
[Site "Voronezh"]
[Date "1999.06.16"]
[Round "5"]
[White "Vaulin, Alexander"]
[Black "Dyachkov, Sergej"]
[Result "1/2-1/2"]
[WhiteElo "2547"]
[BlackElo "2485"]

1.Nf3 d6 2.d4 Nf6 3.c4 g6 4.g3 Bg7 5.Bg2 O-O 6.O-O Nbd7 7.Nc3 e5 8.e4 exd4
9.Nxd4 Nc5 10.h3 Re8 11.Re1 h6 12.Rb1 Ne6 13.Nde2 a6 14.Bd2 Rb8 15.Qc2 b5
16.Nd5 bxc4 17.Qxc4  1/2-1/2

[Event "Hotel Irottko GM"]
[Site "Koszeg"]
[Date "1999.06.27"]
[Round "5"]
[White "Ruck, Robert"]
[Black "Habibi, Ali"]
[Result "1/2-1/2"]
[WhiteElo "2492"]
[BlackElo "2344"]

1.d4 g6 2.c4 Bg7 3.Nf3 d6 4.g3 Nf6 5.Bg2 O-O 6.Nc3 Nc6 7.O-O a6 8.Bd2 Nd7
9.d5 Nce5 10.Nxe5 Nxe5 11.b3 c5 12.dxc6 Nxc6 13.Rc1 Rb8 14.Nd5 e6 15.Nc3 Qe7
16.Bf4 Ne5 17.Ne4 Rd8 18.Bg5 f6 19.Be3 b6 20.Qd2 Nf7 21.Qb4 Bb7 22.Rfd1 f5
23.Nd2 Bxg2 24.Kxg2 Qb7+ 25.Nf3 Bf8 26.Kg1 e5 27.Rd5 b5 28.Rcd1 bxc4 29.Qxc4 Rdc8
30.Qa4 Rc2 31.Kf1 Rbc8 32.Ne1 Rb2 33.Qa5 g5 34.f3 f4 35.Bf2 Be7 36.Qa3 Rb1
37.Rxb1 Qxd5 38.Qxa6 Ra8 39.Qd3 Qxd3 40.Nxd3 Rxa2 41.Nb4 Ra8 42.Nd5 Kf8 43.b4 Nd8
44.b5 Kf7 45.Rc1 Ne6 46.b6 Rb8 47.Ra1 Nd8 48.Ra7 Rb7 49.gxf4 exf4 50.Nb4 Rb8
51.Rc7 Ke6 52.Nc2 Bf6 53.Rxh7 Nc6 54.Rc7 Na5 55.Nb4 Bd8 56.Rg7 Bxb6 57.Na6 Ra8
58.Rxg5 Rxa6 59.Bxb6 Nc6 60.Rb5 Ra1+ 61.Kf2 Rh1 62.Rh5 Rb1 63.Bc7 Rd1 64.Rh6+ Kd7
65.Rh7+ Ke6 66.h4 Ne5 67.Bd8 Rh1 68.Rh6+ Kd5 69.Bg5 Nf7 70.Rg6 Ke5 71.Bxf4+ Kxf4
72.Rf6+ Ke5 73.Rxf7 Rxh4 74.e4 Rh8 75.Rf5+ Ke6 76.Ke3 Rh4 77.Kf2 Rh7 78.Kg3 Rg7+  1/2-1/2

[Event "World op"]
[Site "Philadelphia"]
[Date "1999.06.29"]
[Round "3"]
[White "Ippolito, Dean"]
[Black "Weeramantry, Sunil"]
[Result "0-1"]
[WhiteElo "2336"]
[BlackElo "2238"]

1.d4 Nf6 2.c4 g6 3.Nf3 Bg7 4.g3 d6 5.Bg2 O-O 6.O-O Nc6 7.Nc3 Bg4 8.h3 Bxf3
9.Bxf3 Nd7 10.e3 e5 11.d5 Ne7 12.e4 f5 13.h4 h6 14.h5 f4 15.hxg6 Nxg6 16.Bg4 Rf6
17.Be6+ Kh8 18.Qg4 Ndf8 19.Bf5 Ne7 20.gxf4 Nxf5 21.exf5 Qd7 22.fxe5 Rg6 23.Qxg6 Nxg6
24.e6 Qe8 25.Ne4 Nh4 26.Ng3 Qf8 27.Bf4 Nxf5 28.Nxf5 Qxf5 29.Bg3 Be5 30.Rae1 Rg8
31.Kh2 Qf3 32.Rxe5 dxe5 33.e7 Re8 34.Bxe5+ Kh7  0-1

[Event "Ljubljana op 10th"]
[Site "Ljubljana"]
[Date "1999.06.30"]
[Round "6"]
[White "Jakovljevic, Vlado"]
[Black "Ipavec, Petra"]
[Result "1-0"]
[WhiteElo "2296"]
[BlackElo "2091"]

1.Nf3 Nf6 2.c4 g6 3.d4 Bg7 4.g3 O-O 5.Bg2 d6 6.Nc3 Nc6 7.O-O a6 8.h3 Rb8
9.e4 Nd7 10.Be3 b5 11.cxb5 axb5 12.Qc2 Na5 13.Rfd1 b4 14.Ne2 Bb7 15.Rac1 c6
16.b3 Qc7 17.Nf4 Rfc8 18.a3 Qb6 19.axb4 Qxb4 20.Bd2 Qa3 21.Qc3 Ra8 22.Ra1 Qxb3
23.Rdb1 Qxc3 24.Bxc3 c5 25.Rxa5 Bxe4 26.Rxa8 Bxa8 27.Ne2 cxd4 28.Bxd4 e5
29.Be3 Be4 30.Rc1 Rb8 31.Nc3 Bd3 32.Rd1 e4 33.Nd4 Nc5 34.Nc6 Rb3 35.Bxc5 Rxc3
36.Ne7+ Kh8 37.Bxd6 Bd4 38.Nd5 Rc2 39.Ne3 Ra2 40.Bf1  1-0

[Event "EUCup99 (Women)"]
[Site "Nova Gorica"]
[Date "1999.06.30"]
[Round "3"]
[White "Macek, Vlasta"]
[Black "Ulms, Sandra"]
[Result "1/2-1/2"]
[WhiteElo "2199"]
[BlackElo "2116"]

1.d4 Nf6 2.Nf3 g6 3.g3 Bg7 4.Bg2 O-O 5.c4 d6 6.Nc3 Nc6 7.d5 Na5 8.Nd2 c5
9.O-O a6 10.Qc2 Rb8 11.b3 b5 12.Bb2 bxc4 13.bxc4 e5 14.Rae1 Nh5 15.Nd1 f5
16.f4 e4 17.Bxg7 Nxg7 18.Nc3 Qf6 19.Rb1 Bd7 20.Rfd1 Rfc8 21.Nf1 Ne8 22.Qd2 Qd8
23.Qe3 Nf6 24.Nd2 Kf7 25.Rdc1 Qc7 26.h3 Re8 27.g4 Rg8 28.Rf1 Rgf8 29.Rfe1  1/2-1/2

[Event "EUCup99 (Women)"]
[Site "Nova Gorica"]
[Date "1999.07.03"]
[Round "5"]
[White "Khusnutdinova, Luiza"]
[Black "Djeno, Mara"]
[Result "1-0"]
[WhiteElo "2171"]
[BlackElo "2239"]

1.d4 Nf6 2.Nf3 g6 3.c4 Bg7 4.g3 O-O 5.Bg2 d6 6.O-O Nbd7 7.Nc3 c6 8.h3 e5
9.e4 exd4 10.Nxd4 Qb6 11.Nc2 Ne8 12.Bd2 Ne5 13.b3 f5 14.Rb1 fxe4 15.Nxe4 Bf5
16.Be3 Qc7 17.Nd4 Bd7 18.f4 c5 19.Nb5 Bxb5 20.fxe5 Rxf1+ 21.Bxf1 Bc6 22.exd6 Qd7
23.Nxc5 Qxd6 24.Qxd6 Nxd6 25.Rd1 Nf5 26.Bf2 Re8 27.Re1 Rxe1 28.Bxe1 Nd4 29.Kf2 Nf3
30.Ne6 Nxe1 31.Nxg7 Nc2 32.Ne6 Nb4 33.a3 Nc2 34.a4 b6 35.Bd3 Nb4 36.Bb1 Bd7
37.Ng5 Nc6 38.g4 Nd4 39.Ba2 Bc6 40.Ke3 Nc2+ 41.Kd2 Nb4 42.Bb1 h6 43.Ne4 g5
44.Kc3 Na2+ 45.Kb2 Nb4 46.Nf2 a5 47.Kc3 Bg2 48.Be4 Bf1 49.Kd2 Na6 50.Ke1 Bxc4
51.bxc4 Nc5 52.Bc2 Kf7 53.Ke2 Ke6 54.Ke3 Nb7 55.Kd4 Nd6 56.Ne4 Ne8 57.Bb3 Ke7
58.c5 bxc5+ 59.Kxc5  1-0

[Event "EUCup99 (Women)"]
[Site "Nova Gorica"]
[Date "1999.07.04"]
[Round "6"]
[White "Medic, Mirjana"]
[Black "Mihevc, Narcisa"]
[Result "1-0"]
[WhiteElo "2327"]
[BlackElo "2158"]

1.Nf3 Nf6 2.d4 g6 3.g3 Bg7 4.Bg2 O-O 5.c4 d6 6.O-O Nbd7 7.Nc3 e5 8.h3 h6
9.e4 Nh7 10.Be3 Ng5 11.Nxg5 hxg5 12.d5 a5 13.Qd2 f6 14.b3 Nc5 15.f3 Rf7 16.Rab1 Bf8
17.a3 a4 18.b4 Nb3 19.Qf2 f5 20.exf5 Bxf5 21.Rbd1 Nd4 22.Qd2 Be7 23.g4 Bd7
24.Ne4 Nb3 25.Qd3 Kg7 26.Rf2 Rf4 27.c5 Qe8 28.Qc3 Rc8 29.Rc2 Qf8 30.Bxf4 gxf4
31.Bf1 Nd4 32.Rxd4 exd4 33.Qxd4+ Kh7 34.Bd3 Kg8 35.h4 Bxh4 36.Rh2 Qe7 37.g5  1-0

[Event "SVK-ch"]
[Site "Nove Zamky"]
[Date "1999.07.04"]
[Round "2"]
[White "Kaabi, Mejdi"]
[Black "Pinter, Erik"]
[Result "1/2-1/2"]
[WhiteElo "2362"]
[BlackElo "2163"]

1.d4 Nf6 2.Nf3 g6 3.c4 Bg7 4.g3 O-O 5.Bg2 d6 6.O-O Nc6 7.Nc3 a6 8.Qc2 Rb8
9.b3 b5 10.cxb5 Nb4 11.Qd2 axb5 12.Bb2 Na6 13.Rac1 Bb7 14.Rfd1 Qd7 15.Qf4 Rfc8
16.Ba1 Qe8 17.Bf1 c5 18.dxc5 Rxc5 19.Qd2 Rbc8 20.a4 bxa4 21.Nxa4 Ne4 22.Qe3 Rxc1
23.Rxc1 Rxc1 24.Qxc1 Bxa1 25.Qxa1 Qb5 26.Nc3 Nxc3 27.Qxc3 Qc5 28.Qxc5 dxc5
29.Ne5 f6 30.Nd7 Bc6 31.Nb6 Kf7 32.e3 Nb8 33.Bc4+ e6 34.Kf1 Ke7 35.Ke2 Kd6
36.f4 Bb7 37.Na4 Nc6 38.Bxe6 Na5 39.Bc4 Bd5 40.Nb6 Be6 41.Kd3 Nxb3 42.Bxe6 Kxe6  1/2-1/2

[Event "Swidnica op"]
[Site "Swidnica"]
[Date "1999.07.04"]
[Round "7"]
[White "Grabarczyk, Miroslaw"]
[Black "Zulfugarli, Magomed"]
[Result "0-1"]
[WhiteElo "2462"]
[BlackElo "2359"]

1.d4 Nf6 2.c4 g6 3.Nf3 Bg7 4.g3 O-O 5.Bg2 d6 6.Nc3 Nc6 7.O-O a6 8.b3 Rb8
9.Nd5 Nh5 10.Bb2 e6 11.Nc3 b5 12.d5 Ne7 13.dxe6 fxe6 14.c5 dxc5 15.Qc2 Bb7
16.Nd1 c4 17.bxc4 b4 18.Bxg7 Nxg7 19.Nb2 c5 20.Nd3 Qc7 21.Qb2 Rf5 22.Rad1 Rbf8
23.Nde5 Bxf3 24.Nxf3 Nc6 25.Qc2 e5 26.Rd5 Nd4 27.Qe4 Ne8 28.Nh4 Nf6 29.Qd3 Nxd5
30.Bxd5+ Kh8 31.Nxf5 gxf5 32.Kg2 e4 33.Qe3 Qe5 34.Qh6 Qf6 35.Qe3 Qe7 36.Kh1 Re8
37.g4 f4 38.Qxf4 Nxe2 39.Qe3 Nd4 40.Rg1 Qe5 41.Qh6 Qg7 42.Qd6 Qf8 43.Qxf8+ Rxf8
44.Kg2 Re8 45.Re1 a5 46.Bxe4 a4 47.f3 a3 48.Kf2 Re7 49.Ra1 Kg7 50.g5 Ra7
51.Ke3 b3 52.Kd2 b2 53.Rf1 Nb3+ 54.Kc2 Nc1 55.Kb1 Ra4 56.Bd5 Ne2 57.Kc2 Rb4
58.Rb1 Nc1  0-1

[Event "SVK-ch"]
[Site "Nove Zamky"]
[Date "1999.07.10"]
[Round "8"]
[White "Tibensky, Robert"]
[Black "Pinter, Erik"]
[Result "1/2-1/2"]
[WhiteElo "2432"]
[BlackElo "2163"]

1.d4 Nf6 2.Nf3 g6 3.c4 Bg7 4.g3 O-O 5.Bg2 d6 6.O-O a6 7.Nc3 Nc6 8.h3 Rb8
9.Bg5 h6 10.Be3 Bd7 11.Nd5 e6 12.Nxf6+ Qxf6 13.Qd2 Kh7 14.Rfd1 Qd8 15.Rac1 Ne7
16.Qd3 Bc6 17.Bd2 f5 18.Bc3 Be4 19.Qd2 d5 20.b3 g5 21.Ne1 Bxg2 22.Kxg2 Nc8
23.Qd3 Nd6 24.Bb4 Rf7 25.Bxd6 Qxd6 26.Qf3 c6 27.e3 Rbf8 28.Nd3 Bf6 29.Rh1 Bg7
30.h4 g4 31.Qf4 Qa3 32.c5 Qxa2 33.b4 Qe2 34.Rcd1 Re8 35.Rhe1 Qf3+ 36.Qxf3 gxf3+
37.Kxf3 h5 38.Ne5 Rfe7 39.Ke2 Rg8 40.Nd3 Bf6 41.Rg1 Kh6 42.f3 Reg7 43.Kf2 Bd8
44.Nf4  1/2-1/2

[Event "Komercni Banka op"]
[Site "Pardubice"]
[Date "1999.07.16"]
[Round "1"]
[White "Pitschka, Claus"]
[Black "Oral, Tomas"]
[Result "0-1"]
[WhiteElo "2302"]
[BlackElo "2541"]

1.d4 Nf6 2.Nf3 g6 3.c4 Bg7 4.g3 O-O 5.Bg2 d6 6.Nc3 c6 7.h3 Qa5 8.O-O Qa6
9.b3 b5 10.cxb5 cxb5 11.Qd3 b4 12.Ne1 Bxh3 13.Bxh3 bxc3 14.Bg2 d5 15.Qxa6 Nxa6
16.Ba3 Ne4 17.Nc2 Rfe8 18.Rfd1 e6 19.Rac1 Rec8 20.Rd3 Rc6 21.Nb4 Nxb4 22.Bxb4 a5
23.Ba3 Rac8 24.e3 Bf8 25.Bxf8 Kxf8 26.Bxe4 dxe4 27.Rdd1 c2 28.Rd2 Rc3 29.Kf1 Ke7
30.d5 e5 31.d6+ Kd7 32.g4 f5 33.g5 R8c6 34.Kg2 f4 35.Kh2 fxe3 36.fxe3 Rxe3
37.Rdxc2 Rxc2+ 38.Rxc2 Kxd6 39.Kg2 Kd5 40.Kf2 Rh3 41.Rc7 e3+ 42.Ke2 Ke4 43.Rc4+ Kf5
44.Ra4 Kxg5 45.Rxa5 Kf4 46.Ra8 Rh2+ 47.Ke1 Rb2  0-1

[Event "S&W Young Masters 9th"]
[Site "Witley"]
[Date "1999.07.19"]
[Round "4"]
[White "Bekker Jensen, David"]
[Black "Bates, Richard"]
[Result "0-1"]
[WhiteElo "2264"]
[BlackElo "2376"]

1.d4 Nf6 2.c4 g6 3.g3 Bg7 4.Bg2 O-O 5.Nf3 d6 6.Nc3 c6 7.O-O Bf5 8.b3 Ne4
9.Bb2 Nxc3 10.Bxc3 Be4 11.e3 c5 12.Qd2 cxd4 13.exd4 d5 14.c5 Nd7 15.b4 Qc7
16.Qg5 Rae8 17.Qh4 h6 18.Bd2 g5 19.Bxg5 hxg5 20.Nxg5 Bg6 21.Bxd5 Nf6 22.Bg2 Nh7
23.Nxh7 Bxh7 24.Rad1 b6 25.Rfe1 bxc5 26.dxc5 Bc2 27.Rd5 e6 28.Rd6 Rd8 29.Rxd8 Rxd8
30.b5 Rd4 31.Qg5 Qa5 32.Rc1 Qxb5 33.Bf3 Bd3 34.c6 Qxg5  0-1

[Event "Komercni Banka op"]
[Site "Pardubice"]
[Date "1999.07.21"]
[Round "6"]
[White "Vavrak, Peter"]
[Black "Groszpeter, Attila"]
[Result "0-1"]
[WhiteElo "2323"]
[BlackElo "2480"]

1.d4 Nf6 2.c4 g6 3.g3 Bg7 4.Nf3 d6 5.Bg2 O-O 6.O-O c6 7.Nc3 Qb6 8.b3 e5 9.dxe5 dxe5
10.e4 Bg4 11.h3 Bxf3 12.Qxf3 Nbd7 13.Rd1 Rfe8 14.Rd3 Nc5 15.Be3 Qa5 16.Bxc5 Qxc5
17.Rad1 Qa5 18.Qe3 Bf8 19.Na4 Kg7 20.Bf3 Rac8 21.Nc3 Bc5 22.Qd2 Bd4 23.Qc2 h6
24.Ne2 c5 25.Nc3 Bxc3 26.Qxc3 Qxc3 27.Rxc3 Red8 28.Rcd3 Rd4 29.Kf1 Kf8 30.Rxd4 cxd4
31.Ke2 b5 32.Rc1 bxc4 33.Rxc4 Rxc4 34.bxc4 Ke7 35.Bg2 Kd6 36.f4 Kc5 37.Kd3 Nd7
38.h4 Nb6 39.h5 gxh5 40.f5 f6 41.Bf3 h4 42.gxh4 Nxc4 43.Kc2 Kb4 44.Be2 a5
45.Bf3 Ka3 46.Be2 Nd6  0-1

[Event "Komercni Banka op"]
[Site "Pardubice"]
[Date "1999.07.22"]
[Round "7"]
[White "Schlosser, Philipp"]
[Black "Likavsky, Tomas"]
[Result "1/2-1/2"]
[WhiteElo "2512"]
[BlackElo "2366"]

1.d4 Nf6 2.Nf3 g6 3.c4 Bg7 4.g3 O-O 5.Bg2 d6 6.O-O Nbd7 7.Qc2 e5 8.Rd1 exd4
9.Nxd4 Qe7 10.Nc3 c6 11.b3 Re8 12.Bf4 Nh5 13.Be3 Nhf6 14.Qd2 Nc5 15.Bh6 Nfe4
16.Nxe4 Nxe4 17.Bxe4 Qxe4 18.Bxg7 Kxg7 19.f3 Qe5 20.e4 Bh3 21.Ne2 Rad8 22.Qd4 Bc8
23.Nc3 h5 24.Rd3 Qxd4+ 25.Rxd4 Kf8 26.Rad1 Ke7 27.Kf2 Be6 28.R1d2 Rd7 29.Nd1 f6
30.Ne3 Red8 31.f4 Bf7 32.Kf3 b6 33.h3 a5 34.Rb2 Rb8 35.Rc2 Ra8 36.Rd1 Rb8
37.Rcd2 Rbb7 38.Nc2 b5 39.Nd4 Rdc7 40.cxb5 cxb5 41.Ke3 b4 42.Rd3 Rc5 43.g4 Rb6
44.f5 g5 45.h4 gxh4 46.gxh5 Bxh5 47.Rh1 Bf7 48.Rxh4 Rb8 49.Kf4 Rg8 50.Rh7 Rg2
51.Rg3 Rf2+ 52.Ke3 Rxa2 53.Nb5 Rc1 54.Rgg7  1/2-1/2

[Event "Paris-ch"]
[Site "Paris"]
[Date "1999.07.22"]
[Round "6"]
[White "Gouy, Frederic"]
[Black "Nguyen Thanh Tong"]
[Result "0-1"]
[WhiteElo "2157"]
[BlackElo "2253"]

1.Nf3 Nf6 2.c4 g6 3.d4 Bg7 4.g3 O-O 5.Bg2 d6 6.O-O Nbd7 7.Nc3 e5 8.e4 c6
9.h3 Re8 10.Be3 exd4 11.Nxd4 Nc5 12.Qc2 a5 13.Nb3 Qe7 14.Nxc5 dxc5 15.f3 Nd7
16.Rad1 Nb6 17.Qf2 Nxc4 18.Bxc5 Qc7 19.f4 a4 20.e5 Be6 21.Ne4 Bd5 22.Nd6 Nxd6
23.Bxd6 Qc8 24.Bxd5 cxd5 25.Qg2 Ra5 26.Rc1 Qf5 27.Rfd1 Bf8 28.Bxf8 Rxf8 29.Rxd5 Rxd5
30.Qxd5 Qxh3 31.Rc3 b6 32.Qc6 Rd8 33.Qf3 Rd2 34.e6 Qxe6 35.Re3 Qf6 36.Re5 Rxb2
37.Qa8+ Kg7 38.Qxa4 Qd6 39.Re4 Qc5+ 40.Qd4+ Qxd4+ 41.Rxd4 Rxa2 42.Rb4 Ra6
43.Kf2 f5 44.Rb3 Kh6 45.Ke3 Kh5 46.Kd4 Kg4 47.Ke5 Ra5+ 48.Kf6 b5 49.Ke5 b4+
50.Kf6 Rb5 51.Kg7 h5 52.Kxg6 Rb6+ 53.Kf7 h4 54.gxh4 Kxh4 55.Ke7 Kg4 56.Kd7 Kxf4
57.Kc7 Rb5 58.Kc6 Rb8 59.Kc7 Re8 60.Rxb4+ Kf3 61.Kd6 f4 62.Kd5 Kg3 63.Rb7 f3
64.Rg7+ Kf4 65.Kd4 Rd8+ 66.Kc3 f2 67.Rf7+ Ke3 68.Re7+ Kf3 69.Rf7+ Kg2 70.Rg7+ Kf1
71.Kc2 Rd5 72.Rf7 Kg2  0-1

[Event "Komercni Banka op"]
[Site "Pardubice"]
[Date "1999.07.23"]
[Round "8"]
[White "Vavrak, Peter"]
[Black "Vajda, Levente"]
[Result "0-1"]
[WhiteElo "2323"]
[BlackElo "2462"]

1.Nf3 Nf6 2.g3 g6 3.Bg2 Bg7 4.d4 d6 5.c4 O-O 6.O-O Nbd7 7.Nc3 e5 8.e4 exd4
9.Nxd4 Re8 10.h3 a6 11.Be3 Rb8 12.Re1 Ne5 13.b3 c5 14.Nc2 Qa5 15.Bd2 Be6
16.Ne3 Qd8 17.f4 Nd3 18.Rf1 b5 19.cxb5 axb5 20.Qe2 c4 21.Rab1 b4 22.Ncd5 Nxd5
23.exd5 Bf5 24.bxc4 Nc5 25.Rxb4 Rxb4 26.Bxb4 Bd4 27.Bd2 Bd3 28.Qf3 Bxf1 29.Kxf1 Ne4
30.Be1 Bb2  0-1

[Event "Komercni Banka op"]
[Site "Pardubice"]
[Date "1999.07.23"]
[Round "8"]
[White "Tibensky, Robert"]
[Black "Onoprienko, Vladimir"]
[Result "1-0"]
[WhiteElo "2432"]
[BlackElo "2337"]

1.d4 Nf6 2.c4 g6 3.Nf3 Bg7 4.g3 O-O 5.Bg2 d6 6.O-O Nc6 7.d5 Na5 8.Qa4 c5
9.Bd2 b6 10.Bc3 Bd7 11.Qc2 b5 12.cxb5 Rb8 13.e4 Bxb5 14.Re1 Nb7 15.Na3 a6
16.Rad1 Qc8 17.e5 Ne8 18.h4 Bd7 19.h5 Bf5 20.Qe2 gxh5 21.Qxa6 Ra8 22.Qc4 Bg6
23.e6 fxe6 24.Rxe6 Bf5 25.Rxe7 Bg4 26.Rde1 Na5 27.Qd3 Nf6 28.Qd2 h6 29.Bxa5 Rxa5
30.Qxa5 Nxd5 31.Rxg7+ Kxg7 32.Qd2 Nb4 33.Re7+  1-0

[Event "S&W Young Masters 9th"]
[Site "Witley"]
[Date "1999.07.23"]
[Round "8"]
[White "Trifunovic, Aleksandar"]
[Black "Bekker Jensen, David"]
[Result "1/2-1/2"]
[WhiteElo "2262"]
[BlackElo "2264"]

1.d4 Nf6 2.Nf3 g6 3.c4 Bg7 4.g3 O-O 5.Bg2 d6 6.O-O c6 7.Nc3 Na6 8.e4 e5 9.h3 Qb6
10.Re1 exd4 11.Nxd4 Nd7 12.Nc2 Ne5 13.Be3 Qa5 14.Bf1 Be6 15.Na3 Qb4 16.Nc2 Qxb2
17.Bd4 Nb4 18.Nxb4 Qxb4 19.Rb1 Qa5 20.Rxb7 Qa6 21.Rb2 Bxc4 22.Bxe5 Bxe5 23.Bxc4 Qxc4
24.Rc2 Bxc3 25.Qc1 c5 26.Rxc3 Qxa2 27.e5 dxe5 28.Rxe5 Rab8 29.Qe3 c4 30.Rc5 Rfe8
31.Qd4 Rbd8 32.Qxc4 Qxc4 33.R5xc4 Ra8 34.Rc7 Kf8 35.Ra3 Re7 36.Rc5 Rb8 37.Rca5 Rbb7
38.h4 h6 39.h5 gxh5 40.Rxh5 Kg7 41.Rha5 Kg6 42.Ra6+ f6 43.Kg2 Rf7 44.R3a5 Rh7
45.Ra4 Kg5 46.R6a5+ Kg6 47.Ra6 Rhg7 48.Ra3 Rbf7 49.Kf3 Kg5 50.R6a5+ f5 51.R3a4 h5
52.Rf4 Rh7 53.Rfa4 Kf6 54.Kf4 Re7 55.Rxf5+ Kg7 56.Kg5 Kg8 57.Ra6 Ref7 58.Rxf7 Rxf7
59.Kxh5 Rxf2 60.Rxa7 Rf6 61.Rb7  1/2-1/2